Countries most similar to Seychelles - Statistics

General Stats
  • This quiz has been taken 22 times
  • The average score is 11 of 20
Answer Stats
Rank Country % Correct
2 Comoros
94%
3 Maldives
94%
1 Mauritius
94%
5 Sri Lanka
94%
4 Madagascar
78%
8 Cape Verde
67%
9 São Tomé and Príncipe
67%
6 Tanzania
67%
12 Fiji
61%
14 Solomon Islands
50%
7 Mozambique
44%
10 Singapore
44%
20 St Lucia
44%
13 Vanuatu
44%
17 Guyana
33%
11 Malawi
33%
15 Papua New Guinea
28%
18 Suriname
28%
19 Grenada
22%
16 Mauritania
11%
No matching quizzes found
Score Distribution
Percent of People with Each Score
Percentile by Number Answered
Your Score History
You have not taken this quiz